Statistics for All 1M+ Cities by Letter - L

Click here to take the quiz!

General Stats

  • This quiz has been taken 241 times
  • The average score is 19 of 26

Answer Stats

Country (State)Population (Millions)City Name% Correct
Peru9.9Lima
100%
USA (California)17.8Los Angeles
100%
Nigeria18.8Lagos
99%
Portugal2.55Lisbon
99%
United Kingdom14.7London
99%
USA (Nevada)2.25Las Vegas
98%
Angola7.9Luanda
97%
France1.99Lyon
97%
Pakistan12.6Lahore
94%
Bolivia2.075La Paz
94%
United Kingdom1.87Liverpool
93%
United Kingdom2.15Leeds
92%
Zambia2.575Lusaka
89%
Togo2.025Lome
86%
Malawi1.02Lilongwe
85%
USA (Kentucky)1.06Louisville
82%
France1.3Lille
78%
India (Uttar Pradesh)3.625Lucknow
62%
DRC2.125Lubumbashi
59%
Mexico1.91Leon
44%
China (Gansu)2.8Lanzhou
41%
China (Henan)2.6Luoyang
30%
China (Shandong)2.025Linyi
24%
India (Punjab)1.94Ludhiana
24%
China (Guangxi)1.97Liuzhou
19%
China (Jiangsu)1.16Lianyungang
15%

Score Distribution

Percentile by Number Answered

Percent of People with Each Score

Your Score History

You have not taken this quiz